1026 1513 1623 1935 1726 1809 1288 1434 1593 1643 1468 1932 1359 1899 1823 1963 1442 1683 1197 1326 1997 1484 1123 1824 1368 1683 1559 1732 1204 1457 1310 1878 1895 1817 1177 1015 1277 1458 1418 1115 1749 1621 1412 1226 1984 1644 1102 1046 1081 1090 1005 1432 1605 1682 1172 1808 1596 1228 1782 1625 1138 1060 1790 1238 1970 1130 1434 1256 1452 1062 1736 1545 1299 1339 1228 1847 1233 1608 1013 1895 1175 1958 1586 1649 1152 1663 1581 1219 1982 1962 1523 1578 1716 1779 1032 1712 1698 1818 1883 BCNSPRNW ULIB Ver.6.0+V

เปลี่ยนเป็นภาษาไทย

Change to English
 แสดงรายละเอียดบรรณานุกรม
  กลับหน้าหลัก

Brief Record : Get Marc (ISO 2709) : E-mail record : QR code < ปิดหน้าต่าง
LEADER : 00000nam 2200000uu 4500
001    13399126215
003     ULIB
008    180726s2017||||th 000 0 tha d
020    ^a9781496345134
060    ^aWS18.2^bS115T
100    ^aCamille Sabella, Robert J. Cunningham III
245  4 ^aThe Cleveland Clinic Intensive Review of Pediatrics/^cCamille Sabella, Robert J. Cunningham III
250    ^a5th ed
260    ^aPhiladelphia :^bWolters Kluwer,^c2017
300    ^a688 pages;^b30 cm
650    ^aPediatrics-methods
945    ^p0^l0^i26433
999    ^aกัณชพร จุลอักษร
รายการนี้ยังไม่มีแท็ก
คุณยังไม่ได้ล็อกอิน คุณสามารถมีกิจกรรมร่วมกับเว็บไซต์ได้ แต่ต้องล็อกอินก่อน ::
  ล็อกอิน

รายการสื่อสารสนเทศ

ลำดับที่ ประเภท เลขเรียก/บาร์โค้ด สถานที่ สถานะ
1. วิทยาศาสตร์การแพทย์ และสุขภาพ
วิทยาศาสตร์การแพทย์ และสุขภาพ
WS18.2 S115T ฉ.1 
  Barcode: 26433
ห้องสมุดวิทยาเขตนครสวรรค์
►หนังสือทั่วไป:l:General Books
บนชั้น

รายการใกล้เคียง
    ผู้แต่ง [Camille Sabella, Robert J. Cunningham III]

    หัวเรื่อง [Pediatrics-methods]

BibComment


ยังไม่เคยถูกคอมเมนท์

คอมเมนท์ทรัพยากรรายการนี้
  คอมเมนท์: The Cleveland Cl..


 Copyright 2026. Bcnsprnw @Library